书目信息 |
| 题名: |
西方音乐欣赏
|
|
| 作者: | 马克利斯 著 ;刘可希 译 | |
| 分册: | ||
| 出版信息: | 北京 人民音乐出版社 1987.12 |
|
| 页数: | 667页 | |
| 开本: | 20cm | |
| 丛书名: | ||
| 单 册: | ||
| 中图分类: | J605.5 | |
| 科图分类: | ||
| 主题词: | 音乐--作品--艺术评论--欧洲 , 音乐欣赏--欧洲 | |
| 电子资源: | ||
| ISBN: | ||
| 000 | 00625nam0 2200217 45 | |
| 001 | 0312221749 | |
| 005 | 20041125142603.6 | |
| 010 | @dCNY6.95 | |
| 100 | @a20031222d1987 km y0chiy0120 ea | |
| 101 | @achi | |
| 105 | @a z 000yy | |
| 200 | 1 | @a西方音乐欣赏@AXi Fang Yin Yue Xin Shang@f(美)马克利斯著@F(Mei)Ma Ke LiSi Zhu@g刘可希译 |
| 210 | @a北京@c人民音乐出版社@d1987.12 | |
| 215 | @a667页@d20cm | |
| 606 | 0 | @a音乐@x作品@x艺术评论@y欧洲 |
| 606 | 0 | @a音乐欣赏@y欧洲 |
| 690 | @aJ605.5@v3 | |
| 701 | 0 | @a马克利斯@4著 |
| 702 | 0 | @a刘可希@4译 |
| 801 | @aCN@bTSTCL@c20031222 | |
| 905 | @a213230@dJ605.5@e221@b219440-441@f2 | |
| 西方音乐欣赏/(美)马克利斯著/刘可希译.-北京:人民音乐出版社,1987.12 |
| 667页;20cm |
| ISBN :CNY6.95 |
| ● |
| 相关链接 |
|
|
|
|
正题名:西方音乐欣赏
索取号:J605.5/221
 
预约/预借
| 序号 | 登录号 | 条形码 | 馆藏地/架位号 | 状态 | 备注 |
| 1 | 0219441 | 001225061 | 第一样本阅览室/ [索取号:J605.5/221] | 在馆 |